Soil survey of Green county, (Record no. 26918)

MARC details
000 -LEADER
fixed length control field 01117cam a22002411 4500
001 - CONTROL NUMBER
control field gs 31000270
003 - CONTROL NUMBER IDENTIFIER
control field DLC
005 - DATE AND TIME OF LATEST TRANSACTION
control field 20260227111336.0
008 - FIXED-LENGTH DATA ELEMENTS--GENERAL INFORMATION
fixed length control field 780818s1930 wiuab s000 0 eng c
010 ## - LIBRARY OF CONGRESS CONTROL NUMBER
LC control number gs 31000270
035 ## - SYSTEM CONTROL NUMBER
System control number (OCoLC)4152223
040 ## - CATALOGING SOURCE
Original cataloging agency U.S. Geol. Survey. Library
Transcribing agency AzU
Modifying agency DLC
042 ## - AUTHENTICATION CODE
Authentication code premarc
050 00 - LIBRARY OF CONGRESS CALL NUMBER
Classification number QE179
Item number .A2 no. 53c
100 1# - MAIN ENTRY--PERSONAL NAME
Personal name Whitson, A. R.
Fuller form of name (Andrew R.),
Dates associated with a name 1870-1945.
245 10 - TITLE STATEMENT
Title Soil survey of Green county,
Statement of responsibility, etc. by A. R. Whitson, T. J. Dunnewald, M. J. Edwards, Walter Vosquil and Kenneth Whitson of the Wisconsin Geological and natural history survey, and A. C. Anderson and F. J. O'Connell of the U. S. Bureau of chemistry and soils.
260 ## - PUBLICATION, DISTRIBUTION, ETC.
Place of publication, distribution, etc. [Madison]
Name of publisher, distributor, etc. The state,
Date of publication, distribution, etc. 1930.
300 ## - PHYSICAL DESCRIPTION
Extent 82 p.
Other physical details incl. illus., tables. fold. col. map.
Dimensions 23 cm.
490 1# - SERIES STATEMENT
Series statement Wisconsin. Geological and Natural History Survey. Bulletin
Volume/sequential designation no. 53c.
Series statement Soil series,
Volume/sequential designation no. 22
500 ## - GENERAL NOTE
General note Soil survey in cooperation with the College of Agriculture.
650 #0 - SUBJECT ADDED ENTRY--TOPICAL TERM
Topical term or geographic name entry element Soil surveys
Geographic subdivision Wisconsin
-- Green County.
810 2# - SERIES ADDED ENTRY--CORPORATE NAME
Corporate name or jurisdiction name as entry element Wisconsin Geological and Natural History Survey.
Title of a work Bulletin ;
Volume/sequential designation no. 53-C.

No items available.

Powered by Koha